Count to 10 in North Germanic Languages - Statistics

General Stats
  • This quiz has been taken 42 times
  • The average score is 24 of 50
Answer Stats
Hint Answer % Correct
Swedish en
78%
Danish en
78%
Norwegian én
78%
Danish ni
78%
Norwegian ni
78%
Swedish sex
78%
Icelandic sex
78%
Danish ti
78%
Norwegian ti
78%
Swedish tre
75%
Danish tre
75%
Norwegian tre
75%
Faroese ein
63%
Swedish fem
63%
Danish fem
63%
Norwegian fem
63%
Swedish tio
59%
Swedish åtta
56%
Icelandic átta
56%
Faroese átta
56%
Swedish nio
56%
Swedish fyra
53%
Faroese fýra
53%
Swedish sju
53%
Norwegian sju
53%
Swedish två
53%
Danish seks
50%
Norwegian seks
50%
Faroese seks
50%
Danish to
50%
Norwegian to
50%
Danish fire
38%
Norwegian fire
38%
Norwegian åtte
34%
Danish syv
31%
Danish otte
28%
Icelandic sjö
28%
Icelandic einn
25%
Icelandic níu
25%
Icelandic tiu
25%
Icelandic tveir
25%
Faroese tveir
25%
Icelandic fimm
22%
Faroese fimm
22%
Icelandic þrír
22%
Icelandic fjórir
19%
Faroese tríggir
6%
Faroese sjey
3%
Faroese níggju
0%
Faroese tíggju
0%
No matching quizzes found
Score Distribution
Percent of People with Each Score
Percentile by Number Answered
Your Score History
You have not taken this quiz